| 000 | 00553nam a2200181Ia 4500 | ||
|---|---|---|---|
| 005 | 20250326143457.0 | ||
| 008 | 250326s9999 xx 000 0 und d | ||
| 037 | _aTextbook | ||
| 040 |
_aFMSL _beng _cFMSL |
||
| 041 |
_aeng _2eng |
||
| 084 |
_aX:51obD658(2:55) P5 _qFMSL |
||
| 100 | _aSmith P R | ||
| 245 | 0 |
_aE-Marketing excellence : Heart of ebusiness _cSmith P R; Chaffey D |
|
| 260 |
_aNew Delhi _bNew Delhi, Butterworth Heinemann _c2003 |
||
| 300 | _a340p | ||
| 942 |
_cTB _hX:51obD658(2:55) P5 |
||
| 999 |
_c1299727 _d1299727 |
||